LEADER 03013nam 22006495 450 001 9910255016403321 005 20250318175534.0 010 $a9783319508801 010 $a3319508806 024 7 $a10.1007/978-3-319-50880-1 035 $a(CKB)3710000001041259 035 $a(DE-He213)978-3-319-50880-1 035 $a(MiAaPQ)EBC5577496 035 $a(PPN)198340842 035 $a(EXLCZ)993710000001041259 100 $a20170102d2016 u| 0 101 0 $aeng 135 $aurnn|008mamaa 181 $ctxt$2rdacontent 182 $cc$2rdamedia 183 $acr$2rdacarrier 200 10$aApplied Computer Sciences in Engineering $eThird Workshop on Engineering Applications, WEA 2016, Bogotá, Colombia, September 21-23, 2016, Revised Selected Papers /$fedited by Juan Carlos Figueroa-García, Eduyn Ramiro López-Santana, Roberto Ferro-Escobar 205 $a1st ed. 2016. 210 1$aCham :$cSpringer International Publishing :$cImprint: Springer,$d2016. 215 $a1 online resource (XIV, 414 p. 194 illus.) 225 1 $aCommunications in Computer and Information Science,$x1865-0937 ;$v657 311 08$a9783319508795 311 08$a3319508792 320 $aIncludes bibliographic references and index. 327 $aComputer science -- Computational intelligence -- Simulation systems -- Fuzzy sets and systems -- Power systems -- Miscellaneous applications. 330 $aThis book constitutes the refereed proceedings of the Third Workshop on Engineering Applications, WEA 2016, held in Bogotá, Colombia, in September 2016. The 35 revised full papers presented were carefully reviewed and selected from 128 submissions. The papers are organized in topical sections on computer science; computational intelligence; simulation systems; fuzzy sets and systems; power systems; miscellaneous applications. 410 0$aCommunications in Computer and Information Science,$x1865-0937 ;$v657 606 $aSoftware engineering 606 $aApplication software 606 $aComputer engineering 606 $aComputer networks 606 $aSoftware Engineering 606 $aComputer and Information Systems Applications 606 $aComputer Engineering and Networks 615 0$aSoftware engineering. 615 0$aApplication software. 615 0$aComputer engineering. 615 0$aComputer networks. 615 14$aSoftware Engineering. 615 24$aComputer and Information Systems Applications. 615 24$aComputer Engineering and Networks. 676 $a004 702 $aFigueroa-García$b Juan Carlos$4edt$4http://id.loc.gov/vocabulary/relators/edt 702 $aLópez-Santana$b Eduyn Ramiro$4edt$4http://id.loc.gov/vocabulary/relators/edt 702 $aFerro-Escobar$b Roberto$4edt$4http://id.loc.gov/vocabulary/relators/edt 801 0$bMiAaPQ 801 1$bMiAaPQ 801 2$bMiAaPQ 906 $aBOOK 912 $a9910255016403321 996 $aApplied Computer Sciences in Engineering$93590103 997 $aUNINA